00834nam a2200229Ia 4500003000900000008004100009020001800050040001600068080002200084245013800106260004200244300001500286650004100301650002700342650002000369650001900389700002900408700003500437942000700472999001500479952011000494IN-BaIIA211028s9999 xx 000 0 eng d a90-277-0988-2 cIIA Library a082.2:52bIAU-S83 0aMass loss and evolution of O-type starscedited by P. S. Conti and C. H. W. De Loore  aDordrechtbD. Reidel Publishingc1979 axix, 501p. aAstronomy and Astrophysics Thesaurus aEarly typestars911255 aMass Loss93547 aO-Stars911256 aConti, P. S., ed.911257 aDe Loore, C. H. W., ed.911258 cBK c6574d6574 00104070aBANbBANcGENd1980-10-09l0o082.2:52/ IAU-S83p7310r2021-11-05w1980-10-09yBKGDFL 120.00